书目信息 |
| 题名: |
音乐
|
|
| 作者: | 樊文华 , 王晓辉 , 李宁 主编 | |
| 分册: | 上 | |
| 出版信息: | 长沙 中南大学出版社 2019.4 |
|
| 页数: | 184页 | |
| 开本: | 26cm | |
| 丛书名: | ||
| 单 册: | ||
| 中图分类: | J6 | |
| 科图分类: | ||
| 主题词: | 音乐--幼儿师范学校--教材 | |
| 电子资源: | ||
| ISBN: | 978-7-5487-3336-2 | |
| 000 | 00872nam0 2200265 45 | |
| 001 | 012001001495 | |
| 005 | 20210922162236.10 | |
| 010 | @a978-7-5487-3336-2@dCNY34.50 | |
| 100 | @a20200510d2019 em y0chiy0110 ea | |
| 101 | 0 | @achi |
| 102 | @aCN@b430000 | |
| 105 | @aag z 000yy | |
| 106 | @ar | |
| 200 | 1 | @a音乐@Ayin yue@h上@f樊文华, 王晓辉, 李宁主编 |
| 210 | @a长沙@c中南大学出版社@d2019.4 | |
| 215 | @a184页@c图@d26cm | |
| 300 | @a学前教育专业“十三五”规划教材 | |
| 330 | @a本书上册分为基本乐理、线谱视唱、声乐三部分,下册由十四个章节组成,包括儿童歌曲的特点与曲式结构、音乐欣赏的基础知识、声乐演唱形式等内容。 | |
| 606 | 0 | @a音乐@x幼儿师范学校@j教材 |
| 690 | @aJ6@v5 | |
| 701 | 0 | @a樊文华@Afan wen hua@4主编 |
| 701 | 0 | @a王晓辉@Awang xiao hui@4主编 |
| 701 | 0 | @a李宁@Ali ning@4主编 |
| 801 | @aCN@bAHXH@c20210922 | |
| 905 | @b1248688-92@dJ6@e1238:1@f5 | |
| 音乐.上/樊文华, 王晓辉, 李宁主编.-长沙:中南大学出版社,2019.4 |
| 184页:图;26cm |
| 学前教育专业“十三五”规划教材 |
| ISBN 978-7-5487-3336-2:CNY34.50 |
| 本书上册分为基本乐理、线谱视唱、声乐三部分,下册由十四个章节组成,包括儿童歌曲的特点与曲式结构、音乐欣赏的基础知识、声乐演唱形式等内容。 |
| ● |
| 相关链接 |
|
|
|
|
正题名:音乐
索取号:J6/1238:1
 
预约/预借
| 序号 | 登录号 | 条形码 | 馆藏地/架位号 | 状态 | 备注 |
| 1 | 1248688 | 212486889 | 第一样本阅览室/ [索取号:J6/1238:1] | 在馆 | |
| 2 | 1248689 | 212486898 | 教育系资料室/ [索取号:J6/1238:1] | 在馆 | |
| 3 | 1248690 | 212486905 | 教育系资料室/ [索取号:J6/1238:1] | 在馆 | |
| 4 | 1248691 | 212486914 | 第一借阅区/ [索取号:J6/1238:1] | 在馆 | |
| 5 | 1248692 | 212486923 | 第一借阅区/ [索取号:J6/1238:1] | 在馆 |